| 000 | 00460pab a2200157 454500 | ||
|---|---|---|---|
| 008 | 180718b2014 xxu||||| |||| 00| 0 eng d | ||
| 100 | _aWesselink, Anna | ||
| 245 | _aPathways to impact in local government: the mini-stern review as evidence in policy making in the Leeds city region | ||
| 260 | _c2014 | ||
| 300 | _ap.403-424. | ||
| 362 | _aDec | ||
| 650 | _aLocal government | ||
| 700 | _aGouldson, Andy | ||
| 773 | _aPolicy Sciences | ||
| 909 | _a107317 | ||
| 999 |
_c107312 _d107312 |
||